000 00336 a2200133 4500
005 20250613085227.0
020 _a978-0-07-340398-4
082 _a658.15 WIL
100 _aWILD, J. J
245 _aManagerial Accounting
260 _aBoston
_bMcGraw-Hill Irwin
_c2007.
300 _axxi, 491p.
_bGlossary and Index
_c28 cm
942 _2ddc
_cBKS
999 _c3574
_d3574